<?xml version="1.0" encoding="UTF-8"?>
<record
    xmlns:xsi="http://www.w3.org/2001/XMLSchema-instance"
    xsi:schemaLocation="http://www.loc.gov/MARC21/slim http://www.loc.gov/standards/marcxml/schema/MARC21slim.xsd"
    xmlns="http://www.loc.gov/MARC21/slim">

  <leader>01213nam a22002297a 4500</leader>
  <datafield tag="999" ind1=" " ind2=" ">
    <subfield code="c">465</subfield>
    <subfield code="d">465</subfield>
  </datafield>
  <controlfield tag="003">OSt</controlfield>
  <controlfield tag="005">20220610121448.0</controlfield>
  <controlfield tag="008">180226b        xxu||||| |||| 00| 0 spa d</controlfield>
  <datafield tag="020" ind1=" " ind2=" ">
    <subfield code="a">9502007328</subfield>
  </datafield>
  <datafield tag="040" ind1=" " ind2=" ">
    <subfield code="c">PJT</subfield>
  </datafield>
  <datafield tag="100" ind1=" " ind2=" ">
    <subfield code="9">596</subfield>
    <subfield code="a">Boggiano, Antonio</subfield>
  </datafield>
  <datafield tag="245" ind1="1" ind2="0">
    <subfield code="a">Relaciones judiciales internacionales /</subfield>
    <subfield code="c">Antonio Boggiano.</subfield>
  </datafield>
  <datafield tag="246" ind1="1" ind2="1">
    <subfield code="a">International judicial relations</subfield>
  </datafield>
  <datafield tag="260" ind1=" " ind2=" ">
    <subfield code="a">Buenos Aires :</subfield>
    <subfield code="b">Abeledo-Perrot, </subfield>
    <subfield code="c">1988.</subfield>
  </datafield>
  <datafield tag="300" ind1=" " ind2=" ">
    <subfield code="a">185 p. </subfield>
    <subfield code="c">18 cm.</subfield>
  </datafield>
  <datafield tag="500" ind1=" " ind2=" ">
    <subfield code="a">Texto en castellano y en ingl&#xE9;s.</subfield>
  </datafield>
  <datafield tag="504" ind1=" " ind2=" ">
    <subfield code="a">Bibliograf&#xED;a al pie de algunas p&#xE1;ginas. </subfield>
  </datafield>
  <datafield tag="505" ind1=" " ind2=" ">
    <subfield code="a">1.. Hacia un desarrollo de integraci&#xF3;n judicial realista y progresivo.
2. El principio de razonabilidad de contactos en el derecho internacional p&#xFA;blico y el derecho  internacional privado.
3. La integraci&#xF3;n  judicial.
4. Los tratados internacionales vigentes.
5. Hacia una nueva convenci&#xF3;n de la Haya de derecho internacional privado.
6. Autoridades centrales para la integraci&#xF3;n judicial.
7.  El embri&#xF3;n de una justicia.
  </subfield>
    <subfield code="r">ANTONIO BOGGIANO</subfield>
    <subfield code="t">RELACIONES JUDICIALES INTERNACIONALES </subfield>
  </datafield>
  <datafield tag="650" ind1=" " ind2="0">
    <subfield code="9">331</subfield>
    <subfield code="a">DERECHO INTERNACIONAL PUBLICO</subfield>
  </datafield>
  <datafield tag="650" ind1=" " ind2="0">
    <subfield code="9">597</subfield>
    <subfield code="a">JUSTICIA INTERNACIONAL</subfield>
  </datafield>
  <datafield tag="942" ind1=" " ind2=" ">
    <subfield code="2">udc</subfield>
    <subfield code="c">LIB</subfield>
    <subfield code="h">341.61</subfield>
    <subfield code="i">BOG</subfield>
  </datafield>
  <datafield tag="952" ind1=" " ind2=" ">
    <subfield code="0">0</subfield>
    <subfield code="1">0</subfield>
    <subfield code="2">udc</subfield>
    <subfield code="4">0</subfield>
    <subfield code="7">0</subfield>
    <subfield code="a">DJS</subfield>
    <subfield code="b">DJS</subfield>
    <subfield code="d">2018-05-15</subfield>
    <subfield code="o">341.61 BOG</subfield>
    <subfield code="p">1832</subfield>
    <subfield code="r">2018-05-15</subfield>
    <subfield code="w">2018-05-15</subfield>
    <subfield code="y">LIB</subfield>
  </datafield>
</record>
